Ditiokarbamáty kovov, ich štruktúrna charakteristika a vplyv na vlastnosti gumárenských zmesí

Salvato in:
Dettagli Bibliografici
Autore principale: Ondrušová, Darina (Autore)
Natura: Libro
Lingua:slovacco
Pubblicazione: Trenčín : Trenčianska univerzita Alexandra Dubčeka v Trenčíne, 2004
Soggetti:
Accesso online:OBSAH
Tags: Aggiungi Tag
Nessun Tag, puoi essere il primo ad aggiungerne!!

MARC

LEADER 00000nam a22000003a 4500
001 stu94226
005 20150617225615.6
008 050606s2004----xo------------------slo-d
020 |a 80-8075-037-8 
040 |a STU  |b slo 
041 0 |a slo 
044 |a xo 
080 |a 678.028 
080 |a 547.46 
100 1 |a Ondrušová, Darina  |4 aut 
245 1 |a Ditiokarbamáty kovov, ich štruktúrna charakteristika a vplyv na vlastnosti gumárenských zmesí 
260 |a Trenčín :  |b Trenčianska univerzita Alexandra Dubčeka v Trenčíne,  |c 2004 
300 |a 75 s 
650 7 |a ditiokarbamáty kovov  |2 stusub 
650 7 |a gumárenské zmesi  |2 stusub 
856 4 |a https://sweb.mtf.stuba.sk/obsahy/ditiokarbanaty_kovov_ich_strukturna_charakteristika_a_vplyv_04.pdf  |u https://sweb.mtf.stuba.sk/obsahy/ditiokarbanaty_kovov_ich_strukturna_charakteristika_a_vplyv_04.pdf  |3 OBSAH 
996 |b 284M051935  |c M*11672-1  |l MMKN  |s A  |a 24  |w stu94226_0001 
996 |b 284M051936  |c M*11672-2  |l MMKN  |s A  |a 24  |w stu94226_0002